00896nam a2200181 a 450000100100000000500170001000800410002704000250006808200160009310000380010924501000014726000420024730000210028950400320031095201790034295201760052199900170069700003348120200930070305.0110830s1983 dr r 000 0 spa d aDO-SdBNPbspacBNPHU axxxxbA473p1 aÁlvarez Vega, Bienvenido92712010aPrensa escrita y estructura de poder en la República Dominicana /cBienvenido Álvarez Vega. aSanto Domingo :bALFA Y Omega,c1983. a218 p. ;c23 cm. aBibliografía : p. 215-218 0010718PDaPDbPDcHDd2011-08-30iLF1l0oxxxx A473pp33481-10r2020-06-25w2020-06-25yLFPDzPerteneció a la biblioteca personal de Germán Emilio Ornes.ZNo se presta 0010718PDaPDbPDcHDd2019-05-29iLF1l0oxxxx A473pp33481-20r2020-06-25te. 2w2020-06-25yLFPDzPerteneció a la biblioteca personal de Maritza Baez.ZNo se presta c32972d32972